| 000 | 00888nac a22002411i 4500 | ||
|---|---|---|---|
| 003 | EG-ScBUE | ||
| 005 | 20240905144733.0 | ||
| 008 | 240905s1961 nyua f 000 0 eng d | ||
| 035 | _a(OCoLC)812507 | ||
| 040 |
_aEG-ScBUE _beng _erda _cEG-ScBUE _dEG-ScBUE |
||
| 082 | 0 | 4 |
_a510 _bSMI _222 |
| 100 | 1 |
_aSmith, Lloyd Preston, _d1903-1988, _eauthor. |
|
| 245 | 1 | 0 |
_aMathematical methods for scientists and engineers / _bby Lioyd P. Smith, xhairman, Department of Physics, director, Department of Engineering Physics, Cornell University. |
| 264 | 1 |
_aNew York : _bDover Publication, Inc., _c1961. |
|
| 300 |
_a453 pages : _billustrations ; _c24 cm |
||
| 336 |
_2rdacontent _atext _btxt |
||
| 337 |
_aunmediated _2rdamedia _bn |
||
| 338 |
_avolume _bnc _2rdacarrier |
||
| 650 | 7 |
_aMathematics. _2BUEsh |
|
| 655 | _vReading book | ||
| 942 |
_cBB _2ddc |
||
| 999 |
_c2984 _d2984 |
||